| 000 | 00746nam a2200229 a 4500 | ||
|---|---|---|---|
| 999 |
_c2414 _d2414 |
||
| 001 | 2414 | ||
| 003 | BD-JhCC | ||
| 005 | 20171102110344.0 | ||
| 008 | 171102s2011 bg |||| ||a| 000 0 ben d | ||
| 020 | _a9847015601942 | ||
| 035 | _a(BD-JhCC)2414 | ||
| 040 |
_aBD-JhCC _dBD-JhCC |
||
| 041 | _aben | ||
| 082 |
_a891.4409 _bRAH 2011 |
||
| 100 | _aরহমান, রুশিদান ইসলাম | ||
| 245 |
_aদেড়শত বর্ষ পরে রবীন্দ্রভুবনে / _cরুশিদান ইসলাম রহমান, |
||
| 260 |
_aঢাকা : _bমাওলা ব্রাদার্স, _c2011 |
||
| 300 |
_a96 p. : _c22 cm. |
||
| 650 | _aBengali Litertaure | ||
| 942 |
_2ddc _cBK |
||